Joan Miró : galeria d'antiretrats galeria d'antiretrats
Publicado:
[Barcelona] :
Institut d'Edicions de la Diputació de Barcelona : Fundació Joan Miró, DL 2000
Descripción Física:
[20] p. : il. col. ; 18 x 25 cm
Materias:
Miró, Joan -- Exposicions
MARC
| LEADER | 00000nam a2200000Ia 4500 | ||
|---|---|---|---|
| 001 | 16203 | ||
| 003 | BGR | ||
| 005 | 20260324175342.0 | ||
| 008 | 160829s9999 xx 000 0 cat d | ||
| 080 | |a FU-42-20 | ||
| 100 | |a Miró, Joan |9 27387 | ||
| 245 | |a Joan Miró : |b galeria d'antiretrats | ||
| 260 | |a [Barcelona] : |b Institut d'Edicions de la Diputació de Barcelona : |b Fundació Joan Miró, DL 2000 | ||
| 300 | |a [20] p. : |b il. col. ; |c 18 x 25 cm | ||
| 590 | |a Catàleg de l'exposició itinerant del mateix nom organitzada per la Fundació Joan Miró, de Barcelona, amb el suport de l'Àrea de Cultura de la Diputació de Barcelona | ||
| 650 | |a Miró, Joan |x Exposicions |9 28516 | ||
| 710 | 1 | |a Barcelona (Catalunya : Província). |b Oficina de Difusió Artística |9 52669 | |
| 710 | 2 | |a Fundació Joan Miró |9 68444 | |
| 710 | |a Barcelona (Catalunya : Província). |b Institut d'Edicions |9 53854 | ||
| 901 | |a Arxiu | ||
| 942 | |n 1 |2 udc |c MON | ||
| 952 | |0 0 |1 0 |4 0 |6 FU4220 |7 1 |9 44847 |a Arxiu |b Arxiu |d 2016-12-01 |l 0 |o FU-42-20 |p 16203 |r 2016-12-01 00:00:00 |w 2016-12-01 |y ARXIU | ||
| 999 | |c 47445 |d 47445 | ||